LEADER 00964nam0-22002891i-450- 001 990000092560403321 035 $a000009256 035 $aFED01000009256 035 $a(Aleph)000009256FED01 035 $a000009256 100 $a20011111d--------km-y0itay50------ba 101 0 $aita 105 $ay-------001yy 200 1 $aEis und kalteerzeugungs maschinen$enebst einer anzahl ausgefuhrter anlagen zur erzeugung von eis, abkuhlung vonflussigkeiten und raumen, eine darstellung des gegenwartigen standes dieses zweiges der technik$fherausgegeben von Gottlieb Behrend. 205 $a3. sehr vermehrte auf. 210 $aHalle a S.$cW. Knapp$d1894 215 $aXII, 444 p.$cill.$d24 cm 610 0 $aMacchine frigorifere 676 $a621.57 700 1$aBehrend,$bGottlieb 801 0$aIT$bUNINA$gRICA$2UNIMARC 901 $aBK 912 $a990000092560403321 952 $a13 AR 17 C 62$b21987$fFINBC 959 $aFINBC 997 $aUNINA DB $aING01 LEADER 01469nam 2200373 n 450 001 996388077103316 005 20200824121254.0 035 $a(CKB)1000000000624190 035 $a(EEBO)2248497109 035 $a(UnM)99854464e 035 $a(UnM)99854464 035 $a(EXLCZ)991000000000624190 100 $a19920723d1606 uy | 101 0 $aeng 135 $aurbn||||a|bb| 200 04$aThe blame of kirk-buriall, tending to persvvade cemiteriall ciuilitie$b[electronic resource] $eFirst preached, then penned, and now at last propyned to the Lords inheritance in the Presbyterie of Lanerk, by M. William Birnie the Lord his minister in that ilk, as a pledge of his zeale, and care of that reformation 210 $aEdinburgh $cPrinted by Robert Charteris printer to the Kings most excellent Maiestie$d1606 215 $a[48] p 300 $aSignatures: A-F⁴. 300 $aReproduction of the original in the University of Edinburgh. Library. 330 $aeebo-0046 606 $aBurial$vEarly works to 1800 606 $aFuneral rites and ceremonies$vEarly works to 1800 615 0$aBurial 615 0$aFuneral rites and ceremonies 700 $aBirnie$b William$f1563-1619.$01013661 801 0$bCu-RivES 801 1$bCu-RivES 801 2$bCStRLIN 801 2$bWaOLN 906 $aBOOK 912 $a996388077103316 996 $aThe blame of kirk-buriall, tending to persvvade cemiteriall ciuilitie$92358181 997 $aUNISA